01098nam a22002777a 4500003000200000005001700002008000200019010001300021020002200034035002300056037001600079040001500095082001500110100003200125245009200157260004300249270005000292300002100342500001900363650004100382650003300423942002400456999001900480952019000499952013100689020180705162417.00 aB-063208 c00.00a8121207215 aB-063208, B-063209 bCen Lib/Ret aDPLbENc0 a658.3bMAT aMathur, Krishna Mohan99928 aManaging human resource development :cby Krishna Mohan Mathurban Indian perspective / aNew DelhibGyan Publishing Housec2001 a5, Ansari Road, Darya GanjbNew Delhie110002 a392p. c22cm(Hb) aIncludes index aPersonnel management -- India926146 aPersonnel management 913632 2ddccENh658.3mMAT c132246d132246 04104070aLbLd2015-07-21eCen Lib/Ret g0.00l0o658.3 MATpB-063208r2015-07-21 00:00:00t1v0.00w2015-07-21yENzWritten off on approval by DLB (By Circulation); dtd 15-06-2023 00102ddc40708NFICaBL1bBL1d2018-07-05eBPPD/Pubg0.00l0o658.3 MATpB-063209r2018-07-05 00:00:00v0.00w2018-07-05yEN